000 00426 a2200169 4500
001 191099
020 _a978-85-8054-194-6
040 _cMagnum
100 _aMoosburger, Théo de Borba
240 1 0 _aA saga de gunnlaug língua-de-serpente
_lpor
245 1 0 _aA saga de gunnlaug língua-de-serpente
300 _a108
362 0 _a2014
440 1 _aFino Traço
697 _aLITERATURA JUVENIL ESTRANGEIRA
942 _cBK
999 _c191099
_d191099